[Event "50th Hoogovens it"]
[Site "Wijk aan Zee NED"]
[Date "1988.01.17"]
[Round "8"]
[White "Agdestein, Simen"]
[Black "Georgiev, Kiril"]
[Result "1/2-1/2"]
[WhiteElo "2560"]
[BlackElo "2595"]
[EventDate "1988.01.08"]
[PlyCount "187"]

1. d4 Nf6 2. c4 e6 3. Nf3 b6 4. g3 Bb7 5. Bg2 Bb4+ 6. Bd2 c5 7. Bxb4 cxb4 8. O-O a5 9. Ne1 Bxg2 10. Nxg2 O-O 11. Qd3 Nc6 12. Nd2 d6 13. d5 Ne5 14. Qd4 Qc7 15. Ne3 Rfe8 16. Rfd1 Rad8 17. a3 bxa3 18. Rxa3 Ned7 19. dxe6 fxe6 20. Ne4 Nxe4 21. Qxe4 Nc5 22. Qc2 Rf8 23. Rd4 Qe7 24. Ra1 Rf6 25. Rad1 Rdf8 26. Rh4 Rg6 27. Rhd4 Rgf6 28. f3 Rd8 29. Kg2 Rg6 30. Kh1 a4 31. Rh4 Qg5 32. Ng2 Rh6 33. Rxh6 Qxh6 34. Qc3 Qf6 35. Qb4 Qe5 36. e4 Rb8 37. Ne3 h5 38. Kg1 Rf8 39. Kg2 Nxe4 40. f4 Qf6 41. Qxb6 Qg6 42. Kf3 h4 43. Qc6 Ng5+ 44. Kg2 Ne4 45. Kf3 Ng5+ 46. Kg2 h3+ 47. Kf2 e5 48. f5 Qf6 49. Ke2 e4 50. Qd5+ Kh7 51. Qxd6 Qxb2+ 52. Rd2 Qf6 53. Qxf6 Rxf6 54. Ra2 Rb6 55. Ng4 Rb4 56. c5 Rc4 57. Ke3 Rxc5 58. Kf4 Nf7 59. Rxa4 Nd6 60. Ne3 Rc3 61. g4 Nf7 62. Rxe4 g5+ 63. fxg6+ Kxg6 64. Re6+ Kh7 65. g5 Nh8 66. Rh6+ Kg8 67. Nd5 Rc4+ 68. Kf5 Nf7 69. Rxh3 Kg7 70. Rg3 Rh4 71. Rg2 Nd6+ 72. Ke6 Nf7 73. Kf5 Nd6+ 74. Ke6 Nf7 75. Ne7 Re4+ 76. Kd7 Ne5+ 77. Kc7 Nf7 78. Kd7 Ne5+ 79. Kc7 Nf7 80. Nc6 Kg6 81. h4 Kg7 82. g6 Rxh4 83. gxf7+ Kxf7 84. Kd6 Kf6 85. Rf2+ Kg5 86. Ke5 Rc4 87. Ne7 Kg4 88. Nf5 Rc5+ 89. Ke4 Rc4+ 90. Nd4 Kg5 91. Rf5+ Kg6 92. Rd5 Rc1 93. Rd6+ Kf7 94. Nf3 1/2-1/2